Strange new world. #2 / Rachel Vincent.
Available copies
- 1 of 1 copy available at LARL/NWRL Consortium.
- 1 of 1 copy available at Lake Agassiz Regional Library. (Show preferred library)
Current holds
0 current holds with 1 total copy.
Show Only Available Copies
| Location | Call Number / Copy Notes | Barcode | Shelving Location | Status | Due Date |
|---|---|---|---|---|---|
| Moorhead Public Library | Y VIN (Text) | 33500012688529 | Main | Available | - |
Record details
- ISBN: 9780399552496
- ISBN: 0399552499
- ISBN: 9780399552502
- ISBN: 0399552502
- Physical Description: 359 pages ; 22 cm
- Edition: First edition.
- Publisher: New York : Delacorte Press, [2018]
Content descriptions
| General Note: | Sequel to: Brave new girl. |
| Summary, etc.: | Dahlia thinks all of her clones have been ... Read More |
Search for related items by subject
| Subject: | Cloning > Fiction. Genetic engineering > Fiction. Science fiction. |
Search for related items by series
| LDR | 01489cam a22004338i 4500 | ||
|---|---|---|---|
| 001 | 276371 | ||
| 003 | LARL_NWRL_CONSORTIUM | ||
| 005 | 20180504202430.0 | ||
| 008 | 171031s2018 nyu d 000 1 eng | ||
| 010 | . | ‡a 2017043433 | |
| 040 | . | ‡aDLC ‡beng ‡erda ‡cDLC ‡dBDX ‡dYDX ‡dJSE | |
| 019 | . | ‡a1010778322 | |
| 020 | . | ‡a9780399552496 ‡q(hc) | |
| 020 | . | ‡a0399552499 | |
| 020 | . | ‡a9780399552502 ‡q(glb) | |
| 020 | . | ‡a0399552502 | |
| 035 | . | ‡a(OCoLC)1010776476 ‡z(OCoLC)1010778322 | |
| 042 | . | ‡alcac ‡apcc | |
| 082 | 0 | 0. | ‡a[Fic] ‡223 |
| 100 | 1 | . | ‡aVincent, Rachel, ‡eauthor. ‡0(LARL_NWRL_CONSORTIUM)212798 |
| 245 | 1 | 0. | ‡aStrange new world. ‡n#2 / ‡cRachel Vincent. |
| 250 | . | ‡aFirst edition. | |
| 264 | 1. | ‡aNew York : ‡bDelacorte Press, ‡c[2018] | |
| 300 | . | ‡a359 pages ; ‡c22 cm | |
| 336 | . | ‡atext ‡btxt ‡2rdacontent | |
| 337 | . | ‡aunmediated ‡bn ‡2rdamedia | |
| 338 | . | ‡avolume ‡bnc ‡2rdacarrier | |
| 490 | 0 | . | ‡aBrave new girl ; ‡v2 |
| 500 | . | ‡aSequel to: Brave new girl. | |
| 520 | . | ‡aDahlia thinks all of her clones have been destroyed, but then discovers that one still exists--Waverly Whitmore, who is teenage royalty, a media sensation with millions of fans--who has no idea that she is a clone. | |
| 650 | 1. | ‡aCloning ‡vFiction. ‡0(LARL_NWRL_CONSORTIUM)164472 | |
| 650 | 1. | ‡aGenetic engineering ‡vFiction. ‡0(LARL_NWRL_CONSORTIUM)165447 | |
| 650 | 1. | ‡aScience fiction. ‡0(LARL_NWRL_CONSORTIUM)30394 | |
| 901 | . | ‡a276371 ‡bOCoLC ‡c276371 ‡tbiblio ‡soclc | |

Add to basket
Permalink
Disable Highlighting